On són les dones? : espais femenins a l'art català dels segles XIX i XX espais femenins a l'art català dels segles XIX i XX
ISBN:
84-9803-099-4
Descripción Física:
171 p. ; il. ; 22 cm
MARC
| LEADER | 00000nam a2200000Ia 4500 | ||
|---|---|---|---|
| 001 | 17183 | ||
| 008 | 160829s2006 xx 000 0 cat d | ||
| 020 | |a 84-9803-099-4 | ||
| 080 | |a B-1-398 | ||
| 245 | |a On són les dones? : |b espais femenins a l'art català dels segles XIX i XX | ||
| 260 | |a Barcelona : |b Diputació de Barcelona [etc.], |c 2006 | ||
| 300 | |a 171 p. ; |c il. ; |c 22 cm | ||
| 590 | |a Catàleg de les exposicions | ||
| 650 | |a Dones artistes |x Exposicions |9 22173 | ||
| 650 | |a Dones en l'art |x Exposicions |9 22174 | ||
| 710 | 1 | |a Barcelona (Catalunya : Província). |b Diputació |9 52408 | |
| 901 | |a Arxiu | ||
| 942 | |n 1 | ||
| 952 | |0 0 |1 0 |4 0 |6 B1398 |7 1 |9 42091 |a Arxiu |b Arxiu |d 2016-12-01 |l 0 |o B-1-398 |p 17183 |r 2016-12-01 00:00:00 |w 2016-12-01 |y ARXIU | ||
| 999 | |c 44538 |d 44538 | ||